| 000 | 01131cam a2200217 4500 | ||
|---|---|---|---|
| 001 | L129440 | ||
| 002 | 8271 | ||
| 008 | 050419n2005 000 0 eng u | ||
| 020 | _a0750664606 | ||
| 035 | _a(Sirsi) u129440 | ||
| 100 | _aGreeno, Roger | ||
| 245 | _aBuilding services handbook | ||
| 260 |
_aOxford _bElsevier Butterworth-Heinemann _c2005 |
||
| 300 |
_a527p. _c24cm. |
||
| 350 | _a19.99 | ||
| 520 | _aAn ideal tool for students on general construction or building services courses, this text summarises the key elements of building services practice, techniques and procedures through the use of diagrams and brief explanations. Includes comprehensive coverage of the latest Building, Water Supply, IEE Wiring Regulations and other standards of importance to building service professionals. Emphasises the new energy conservation measures necessary to control atmospheric contamination. Includes worked examples and design calculations. New edition also offers online lecture resources. | ||
| 520 | _aReplaces previous edition (ISBN 0750658479) | ||
| 590 | _aIKA190505 | ||
| 690 | _aBUILT ENVIRONMENT | ||
| 942 | _n0 | ||
| 999 |
_c104193 _d104193 |
||